Stations of the Yamanote line quiz - Statistics

General Stats
  • This quiz has been taken 19 times
  • The average score is 22 of 29
Answer Stats
JY Answer % Correct
01 Tokyo
94%
05 Ueno
88%
03 Akihabara
81%
02 Kanda
81%
22 Meguro
81%
14 Mejiro
81%
07 Nippori
81%
08 Nishi Nippori
81%
20 Shibuya
81%
29 Shimbashi/Shinbashi
81%
25 Shinagawa
81%
17 Shinjuku
81%
18 Yoyogi
81%
30 Yurakucho
81%
28 Hamamatsucho
75%
19 Harajuku
75%
13 Ikebukuro
75%
10 Komagome
75%
24 Osaki
75%
12 Otsuka
75%
16 Shin Okubo
75%
15 Takadanobaba
75%
06 Uguisudani
75%
23 Gotanda
69%
04 Okachimachi
69%
21 Ebisu
63%
11 Sugamo
63%
09 Tabata
63%
27 Tamachi
56%
No matching quizzes found
Score Distribution
Percent of People with Each Score
Percentile by Number Answered
Your Score History
You have not taken this quiz